000 00465nam a2200133Ia 4500
999 _c3401
_d3401
008 200103s 1971 ||||xx |||||||||||||| ||und||
020 _a9280110179
082 _a341.756
_bIMO
110 _aInternational Maritime Organization
245 0 _a Assembly, Seventh Session, 5 October - 15 October 1971 : Resolutions and other decisions (resolutions 202-258)
260 _bInternational Maritime Organization
_c1984
_aLondon
300 _avi, 191p.
942 _cBK